Najlepsi Strzelcy Realu Madryt w historii - Statystyki

Ogólne statystyki
  • Ten quiz został rozwiązany 291 razy
  • Średni wynik to 4 z 15
Statystyki odpowiedzi
Hint Odpowiedź % Poprawnych
450 Cristiano Ronaldo
97%
323 Raul
81%
354 Karim Benzema
75%
276 Alfredo Di Stefano
51%
201 Ferenc Puskas
39%
199 Hugo Sanchez
18%
167 Emilio Butragueno
17%
121 Gonzalo Higuain
16%
163 Paco Gento
7%
127 Fernando Hierro
5%
151 Pirri
5%
260 Santillana
5%
142 Amancio
2%
129 Michel
2%
114 Juanito
1%
Nie znaleziono quizów pasujących do podanych kryteriów
Rozkład punktacji
Procent ludzi z każdym wynikiem
Percentyl według liczby udzielonych odpowiedzi
Twoja historia wyników
Nie rozwiązałeś tego quizu